<?xml version="1.0" encoding="UTF-8"?>
<collection xmlns="http://www.loc.gov/MARC21/slim">
 <record>
  <leader>01025pamaa2200217   4500</leader>
  <controlfield tag="001">0000052809</controlfield>
  <controlfield tag="005">20140714090000.0</controlfield>
  <controlfield tag="008">140714s2013                             eng  </controlfield>
  <datafield tag="020" ind1="0" ind2="0">
   <subfield code="a">9789670468372 (pbk.) </subfield>
  </datafield>
  <datafield tag="090" ind1="0" ind2="0">
   <subfield code="a">LB1629.5.M3 </subfield>
   <subfield code="b">INT 2013</subfield>
  </datafield>
  <datafield tag="110" ind1="1" ind2="0">
   <subfield code="a">Universiti Tun Hussein Onn Malaysia</subfield>
  </datafield>
  <datafield tag="245" ind1="1" ind2="0">
   <subfield code="a">Interdisciplinary academic readings for science, technology and social science  </subfield>
   <subfield code="c">edited by Dr. Wan Fauziah Wan Yusoff, Asoc. Prof. Dr. Mohd Fadzil Mohd Idris.</subfield>
  </datafield>
  <datafield tag="260" ind1="0" ind2="0">
   <subfield code="a">Batu Pahat: </subfield>
   <subfield code="b">Penerbit UTHM, </subfield>
   <subfield code="c">2013.</subfield>
  </datafield>
  <datafield tag="300" ind1=" " ind2=" ">
   <subfield code="a">xiii, 308 p.: </subfield>
   <subfield code="b">ill.; </subfield>
   <subfield code="c">25 cm.</subfield>
  </datafield>
  <datafield tag="500" ind1="0" ind2="0">
   <subfield code="a">Summary of Interdisciplinary academic readings for science, technology and social science held on 26-27 September 2012 in Johor Bahru</subfield>
  </datafield>
  <datafield tag="501" ind1="0" ind2="0">
   <subfield code="a">Library</subfield>
  </datafield>
  <datafield tag="650" ind1="0" ind2="0">
   <subfield code="a">Education, Higher -- </subfield>
   <subfield code="x">Research -- </subfield>
   <subfield code="x">Academic writing -- </subfield>
   <subfield code="z">Malaysia </subfield>
  </datafield>
  <datafield tag="700" ind1="1" ind2="1">
   <subfield code="a">Wan Fauziah Wan Yusoff </subfield>
  </datafield>
  <datafield tag="700" ind1="1" ind2="1">
   <subfield code="a">Mohd Fadzil Mohd Idris </subfield>
  </datafield>
  <datafield tag="710" ind1="1" ind2="1">
   <subfield code="a">Universiti Tun Hussein Onn Malaysia Higher Education Leadership Academy (AKEPT) </subfield>
  </datafield>
  <datafield tag="901" ind1=" " ind2=" ">
   <subfield code="u">http://www.penerbit.uthm.edu.my</subfield>
  </datafield>
 </record>
</collection>
